Litterature latino-américaine d'aujourd'hui
Guardado en:
| Hovedforfatter: | |
|---|---|
| Format: | Bog |
| Sprog: | Undetermined |
| Udgivet: |
París, Francia
Union Générale d'Editeurs
1980
|
| Fag: | |
| Tags: |
Tilføj Tag
Ingen Tags, Vær først til at tagge denne postø!
|
MARC
| LEADER | 00000nam a2200000Ia 4500 | ||
|---|---|---|---|
| 008 | 170316s9999 xx 000 0 und d | ||
| 040 | |a cru BVZT | ||
| 090 | |a A-860 C-3L | ||
| 100 | |a Collegue de Cerisy | ||
| 245 | |a Litterature latino-américaine d'aujourd'hui | ||
| 260 | |a París, Francia | ||
| 260 | |b Union Générale d'Editeurs | ||
| 260 | |c 1980 | ||
| 300 | |a 444 páginas | ||
| 650 | |a LITERATURA LATINOAMERICANA | ||
| 650 | |a ANTOLOGÍA | ||
| 999 | |c 12486 |d 12486 | ||
| 942 | |c 15 D |h A-860 C-3L |2 z | ||
